Текст томруулах:    
The 7th annual conference northeast asia professors association (Бичлэгийн дугаар. 145171)
000 -УДИРДЛАГА
Удирдлага 00752nam a22002297a 4500
003 - ХЯНАЛТЫН ТОО ТОДОРХОЙЛОГЧ
Код MN-UlNUM
005 - БИЧИЛТ ХИЙСЭН ОГНОО
Тухайн бичилтийг бичсэн засварласан сүүлийн огноо 20251031101340.0
008 - ЕРӨНХИЙ МЭДЭЭЛЭЛ
Ерөнхий мэдээлэл 251031s2014 mp 000 0 eng
040 ## - БИЧЛЭГ ҮҮСГЭГЧ БАЙГУУЛЛАГА
Бичлэг үүсгэгч номын сангийн код МУИС-ийн номын сан
084 ## - ББК АНГИЛАЛ
Нэмэлт тусгалт Эрдэм шинжилгээний хурлын эмхэтгэл
ББК ангилал 65.9(1)
Зохиогчийн гурван тэмдэгт N 27
Мэдлэгийн ялгаа 65 - Эдийн засаг
110 ## - ЭРХЛЭН ГАРГАСАН /БАЙГУУЛЛАГА/
Эрхлэн гаргасан байгууллага National University of Mongolia, Business school
245 ## - ҮНДСЭН ГАРЧИГ
Номын нэр The 7th annual conference northeast asia professors association
Бага гарчгийн мэдээ New Strategies for Regianal Cooperation in Northeast Asia (NAPA 2014)
260 ## - ГАРАЛТЫН МЭДЭЭ
Хэвлэгдсэн газар Mongolia, Ulaanbaatar
Хэвлэгдсэн он 2014
Хэвлэлийн газар Printing house
300 ## - МАТЕРИАЛЫН ТОДОРХОЙЛОЛТ
хуудасны тоо 260
500 ## - Тайлбар
Дансны дугаар БС 3346-3348
546 ## - ХЭЛНИЙ ТУХАЙ МЭДЭЭ
Хэл Англи хэл дээр,
740 ## - НОМЫН ГАРЧИГ
Гарчиг Economic and politics
740 ## - НОМЫН ГАРЧИГ
Гарчиг Culture, education and environment
740 ## - НОМЫН ГАРЧИГ
Гарчиг Mongolian trade and services
942 ## - ЭЛЕМЕНТИЙН ТӨРӨЛ
Зүйлийн төрөл Ном